Biotechnology: A Comprehensive treatise in 8 volumes / (Record no. 10899)
[ view plain ]
| 000 -LEADER | |
|---|---|
| fixed length control field | 00464cam a2200181ua 4500 |
| 041 ## - LANGUAGE CODE | |
| Language code of text/sound track or separate title | eng |
| 082 ## - DEWEY DECIMAL CLASSIFICATION NUMBER | |
| Classification number | 028.766 |
| Item number | KIE/BI |
| 100 ## - MAIN ENTRY--AUTHOR NAME | |
| Personal name | Kieslich, K . |
| 245 ## - TITLE STATEMENT | |
| Title | Biotechnology: A Comprehensive treatise in 8 volumes / |
| 260 ## - PUBLICATION, DISTRIBUTION, ETC. (IMPRINT) | |
| Place of publication | Weinheim : |
| Name of publisher | Verlag Chemie , |
| Year of publication | 1984. |
| 300 ## - PHYSICAL DESCRIPTION | |
| Number of Pages | 473 ; . |
| 500 ## - GENERAL NOTE | |
| General note | ** Reference |
| 942 ## - ADDED ENTRY ELEMENTS (KOHA) | |
| Koha item type | Books |
| Withdrawn status | Lost status | Damaged status | Home library | Current library | Date acquired | Full call number | Accession Number | Koha item type |
|---|---|---|---|---|---|---|---|---|
| KAUAET | KAUAET | 07/04/2012 | 028.766 | 16152 | Reference |
